<?xml version="1.0" encoding="UTF-8"?>
<marc:record xmlns:marc="http://www.loc.gov/MARC21/slim">
   <marc:leader>00000nam a2200000 a 4500</marc:leader>
   <marc:datafield ind1="1" ind2=" " tag="100">
      <marc:subfield code="a">Link, Charlotte</marc:subfield>
      <marc:subfield code="4">aut</marc:subfield>
      <marc:subfield code="e">Verfasser/-in</marc:subfield>
   </marc:datafield>
   <marc:datafield ind1=" " ind2=" " tag="653">
      <marc:subfield code="a">Gefahr</marc:subfield>
   </marc:datafield>
   <marc:datafield ind1=" " ind2=" " tag="653">
      <marc:subfield code="a">Mord</marc:subfield>
   </marc:datafield>
   <marc:datafield ind1=" " ind2=" " tag="653">
      <marc:subfield code="a">Ferien</marc:subfield>
   </marc:datafield>
   <marc:datafield ind1=" " ind2=" " tag="653">
      <marc:subfield code="a">York</marc:subfield>
   </marc:datafield>
   <marc:datafield ind1="0" ind2="0" tag="245">
      <marc:subfield code="a">Am Ende des Schweigens</marc:subfield>
   </marc:datafield>
   <marc:datafield ind1=" " ind2="1" tag="264">
      <marc:subfield code="b">Blanvalet</marc:subfield>
      <marc:subfield code="c">2022</marc:subfield>
   </marc:datafield>
   <marc:datafield ind1="1" ind2=" " tag="520">
      <marc:subfield code="a">Stanbury House, Yorkshire: Als Jessica zum Ferienhaus zurückkehrt, fällt ihr sofort die ungewöhnliche Stille auf, die über dem Haus und dem riesigen Grundstück liegen. Wie in einem bösen Traum entdeckt sie im Garten und im Haus ihre Freunde Patricia und Leon, Tom und auch ihren Mann Alexander - ermordet. Die einzige Überlebende ist Evelin, Toms Ehefrau, die völlig traumatisiert im Keller aufgefunden wird. Während Jessica all die Geheimnisse und Widersprüche zu ergründen versucht, bemerkt sie nicht die Gefahr, in der sie plötzlich schwebt.</marc:subfield>
   </marc:datafield>
   <marc:datafield ind1=" " ind2=" " tag="020">
      <marc:subfield code="a">9783734111174</marc:subfield>
      <marc:subfield code="9">9783734111174</marc:subfield>
   </marc:datafield>
</marc:record>
